000 00538nam a2200217Ia 4500
001 18416
003 GE_BSU
008 181216s||||||||xx |||||||||||||| ||und||
020 _a987654321
040 _cGE_BSU
080 _a617.5
245 _aAtlas of Minimally lnvasive Surgery
245 _cEdited by: Constantine T. Frantzides,Mark A. Carlson
260 _aPhiladelpia
260 _bElsevier
260 _c2008
300 _a264p;ill;30cm
300 _b+2CD rom.
653 _aAtlas of Minimally lnvasive Surgery
942 _cBK
999 _c51430
_d51430